000 00283nam a22001097a 4500
008 160507b xxu||||| |||| 00| 0 eng d
020 _a0838581072
041 _aeng
080 _a615
245 _aPharmacotherapy: a patient focused approach:
_cTerry L. Schwinghammer;
942 _2udc
_cBK
999 _c1895
_d1895